Entry Nombre personal
001 - NÚMERO DE CONTROL
- campo de control: 242365
003 - IDENTIFICADOR DE NÚMERO DE CONTROL
- campo de control: SpMaBN
005 - FECHA Y HORA DE LA ÚLTIMA TRANSACCIÓN
- campo de control: 20251016161234.0
008 - ELEMENTOS DE DATO DE LONGITUD-FIJA
- campo de control de longitud fija: 901120n| aijnnaabn a aaa
016 ## - NÚMERO DE CONTROL DE UNA AGENCIA BIBLIOGRÁFICA NACIONAL
- Número de control del registro: BNE19900185958
024 7# - IDENTIFICADOR DE OTROS ESTÁNDARES
- Número estándar o código: http://viaf.org/viaf/39376770/
- Fuente: viaf
024 8# - IDENTIFICADOR DE OTROS ESTÁNDARES
- Número estándar o código: https://data.cervantesvirtual.com/person/10506
024 7# - IDENTIFICADOR DE OTROS ESTÁNDARES
- Número estándar o código: https://isni.org/isni/0000000121287491
- Fuente: isni
024 7# - IDENTIFICADOR DE OTROS ESTÁNDARES
- Número estándar o código: http://www.wikidata.org/entity/Q38392
- Fuente: wikidata
040 ## - FUENTE DE CATALOGACIÓN
- Centro catalogador/agencia de origen: SpMaBN
- Lengua de catalogación: spa
- Centro/agencia transcriptor: SpMaBN
- Normas de descripción: rdc
- Convención/Normas de encabezamiento de materia/tesauro: embne
046 ## - FECHAS CON CODIFICACIÓN ESPECIAL
- Fecha de nacimiento: 1897
- Fecha de la muerte: 1962
100 1# - ENCABEZAMIENTO-NOMBRE DE PERSONA
- Nombre de persona: Faulkner, William,
- Fechas asociadas al nombre: 1897-1962
370 ## - LUGAR ASOCIADO
- Lugar de nacimiento: New Albany
- Fuente de información: Wikidata
373 ## - GRUPO ASOCIADO
- Grupo asociado: Academia Estadounidense de las Artes y las Letras
- Grupo asociado: Literatura modernista
- Fuente de información: Wikidata
374 ## - OCUPACIÓN
- Ocupación: Escritores
- Ocupación: Dramaturgos
- Ocupación: Escritores
- Ocupación: Novelistas
- Ocupación: Poetas
- Ocupación: Guionistas
- Fuente de información: Wikidata
375 ## - GÉNERO/SEXO
- Género: Masculino
377 ## - IDIOMA ASOCIADO
- Término de lengua/lenguaje: Inglés
400 1# - TRAZADO DE VÉASE--NOMBRE DE PERSONA
- Nombre de persona: Falkner, William Cuthbert
- Fechas asociadas al nombre: 1897-1962
400 1# - TRAZADO DE VÉASE--NOMBRE DE PERSONA
- Nombre de persona: Folkner, Uiliam
- Fechas asociadas al nombre: 1897-1962
400 1# - TRAZADO DE VÉASE--NOMBRE DE PERSONA
- Nombre de persona: Phokner, Quiliam
- Fechas asociadas al nombre: 1897-1962
670 ## - FUENTE DE DATOS ENCONTRADOS
- Cita de la fuente: Film Index International, 1997
- Información encontrada: (William Faulkner ; b. 1897 ; d. 1968 ; scripting, author)
670 ## - FUENTE DE DATOS ENCONTRADOS
- Cita de la fuente: WWW LC auth. file, 21-12-2000
- Información encontrada: (Faulkner, William, 1897-1962)
